Migliori marcatori della Serie A tutt'ora in Serie A - Statistics

Statistiche generali
  • Questo quiz è stato fatto 292 volte
    156 dall'ultimo reset
  • Il punteggio medio è 16 su 20
Statistiche sulle risposte
Anno di nascita N° di Gol Calciatore Nazionalità Squadra attuale % Corretto
1994 126 Domenico Berardi Italia Sassuolo
98%
2000 90 Dušan Vlahovic Serbia Juventus
98%
1997 119 Lautaro Martinez Argentina Inter
98%
1993 84 Romelu Lukaku Belgio Napoli
98%
1993 129 Paulo Dybala Argentina Roma
95%
1991 124 Duván Zapata Colombia Torino
94%
1999 59 Rafael Leao Portogallo Milan
94%
1986 107 Edin Dzeko Bosnia Fiorentina
92%
1994 55 Hakan Calhanoglu Turchia Inter
88%
1997 70 Riccardo Orsolini Italia Bologna
86%
1990 201 Ciro Immobile Italia Bologna
85%
1995 53 Mario Pasalic Croazia Atalanta
84%
1999 54 Andrea Pinamonti Italia Sassuolo
74%
1996 47 Lorenzo Pellegrini Italia Roma
70%
1993 53 Matteo Politano Italia Napoli
70%
1988 66 Leonardo Pavoletti Italia Cagliari
69%
1992 72 Stephan El Shaarawy Italia Roma
65%
1995 77 Giovanni Simeone Argentina Torino
61%
1993 116 Andrea Belotti Italia Cagliari
58%
1994 49 Arkadiuszk Milik Polonia Juventus
50%
Nessun quiz corrispondente trovato
Distribuzione punteggi
Percentuale di utenti per punteggio
Percentile per numero di risposta
I tuoi punteggi nel tempo
Non hai fatto questo quiz dall'ultimo reset